000 00450nab a2200145Ia 4500
003 ES-SlBCS
005 20210601142341.0
008 140529s2004 xxu||||| |||| 00| 0 spa d
041 _aspa
100 1 _aCapuano, Andrea Miriam
_9268744
245 0 0 _aEvaluación de desempeño. Desempeño por competencias
_c Andrea Miriam Capuano
650 0 4 _aCompetencias
_9213880
773 0 _tInvenio
_gvol. 7, nº. 13, 2004, págs. 139-150
_wRev1649
942 _cAR
999 _c675572
_d675572